| 000 | 00864nam a2200289Ia 4500 | ||
|---|---|---|---|
| 008 | 160803s9999 xx 000 0 und d | ||
| 020 | _a9780545347501 | ||
| 100 | _aSpinelli, Eileen | ||
| 245 | _aMiss Fox's class goes green / | ||
| 245 | _cEileen Spinelli ; illustrated by Anne Kennedy. | ||
| 260 | _aNew York : | ||
| 260 | _bScholastic Inc. | ||
| 260 | _c2009 | ||
| 300 | _a1 volume (unpaged) : | ||
| 300 | _bcolor illustrations ; | ||
| 300 | _c26 cm | ||
| 500 | _a"This edition is available for distribution only through the school market."--Page 4 of cover. | ||
| 650 | _aAnimals -- | ||
| 650 | _aEnvironmental protection -- | ||
| 650 | _aGreen movement -- | ||
| 650 | _aSchools -- | ||
| 650 | _xJuvenile fiction. | ||
| 650 | _xJuvenile fiction. | ||
| 650 | _xJuvenile fiction. | ||
| 650 | _xJuvenile fiction. | ||
| 700 | _a470 | ||
| 999 |
_c299225 _d299225 |
||